Grand slam semifinalist in 2024 ( atp ) - Statistiques

Statistiques générales
  • Ce quiz a été pris 161 fois
  • Le résultat moyen est 4 sur 9
Answers on the Grid
Answers color-coded by a green-red scale on the quiz's grid according to % correct below.
Carlos Alcaraz
Mateo Berrettini
Alex De minaur
Novak Djokovic
Ben Shelton
Alexander Zverev
Stefanos Tsitsipas
Jack Draper
Jannik Sinner
Andrey Rublev
Alexander Bublik
Lorenzo Musetti
Tommy Paul
Daniil Medvedev
Grigor Dimitrov
Hubert Hurkacz
Frances Tiafoe
Holger Rune
Taylor Fritz
Thomas Machac
 
Statistiques - réponses
Réponse % Correct
Carlos Alcaraz
96%
Novak Djokovic
83%
Alexander Zverev
65%
Jannik Sinner
61%
Daniil Medvedev
39%
Taylor Fritz
35%
Jack Draper
26%
Frances Tiafoe
22%
Lorenzo Musetti
17%
Aucun quiz correspondant
Distribution des résultats
% des personnes avec chaque résultat
Percentile par nombre de réponses
Votre historique - résultats
Vous n’avez pas pris ce quiz